Philosophia Graeca Barbarica – vznikla filozofia v Grécku alebo v Oriente?

Súčasné akademické diskusie o tom, do akej miery je možné odvodzovať počiatky antickej gréckej filozofie od okolitých „barbarských“ národov. Svedectvá samotných antických autorov, argumenty jednotlivých moderných bádateľov. Zhodnotenie evidencie, dostupnej z primárnych aj sekundárnych zdrojov a s...

Full description

Saved in:
Bibliographic Details
Main Author: Škvrnda, František, ml., 1987-
Format: Book Chapter
Language:Slovak
Subjects:
Tags: Add Tag
No Tags, Be the first to tag this record!

MARC

LEADER 00000nla a2200000 4500
001 0226091
005 20240502073719.4
041 0 |a slo 
044 |a SK 
245 1 0 |a Philosophia Graeca Barbarica – vznikla filozofia v Grécku alebo v Oriente?  |c František Škvrnda ml. 
520 |a Súčasné akademické diskusie o tom, do akej miery je možné odvodzovať počiatky antickej gréckej filozofie od okolitých „barbarských“ národov. Svedectvá samotných antických autorov, argumenty jednotlivých moderných bádateľov. Zhodnotenie evidencie, dostupnej z primárnych aj sekundárnych zdrojov a stanovisko k danej problematike. 
610 2 0 |a filozofia 
610 2 0 |a dejiny filozofie 
610 2 0 |a Grécko 
100 1 |a Škvrnda, František, ml., 1987-